000 01287cam a2200337M 4500
001 hero00dill
003 CaSfIA
005 20210118095952.0
007 cr||||
008 050506s1996 enk 000 f eng d
040 _aUKV3G
_cUKV3G
_dYDXCP
_dCaSfIA
015 _aGB96-Z9180
020 _a1883642442
020 _a9781883642440
035 _a(OCoLC)60298101
082 0 4 _a813.54
_220
100 1 _aDillen, Frederick G.
245 1 0 _aHero.
_h[electronic resource]
260 _aLondon :
_bSteerforth,
_c1996.
300 _a130 p. ;
_c22 cm.
650 0 _aAmerican fiction
_y20th century.
856 4 1 _uhttp://www.archive.org/details/hero00dill
_zFree eBook from the Internet Archive
856 4 2 _uhttp://www.openlibrary.org/books/OL24379930M
_zAdditional information and access via Open Library
029 1 _aUNITY
_b090161440
029 1 _aCENLI
_b1883642442
029 1 _aUKKCC
_b1883642442
029 1 _aUKWKH
_b1883642442
942 _cEB
506 _fНеобхідна авторизація на https://archive.org/ (створення облікового запису безкоштовно)
506 _fНеобхідна авторизація на https://openlibrary.org/ (створення облікового запису безкоштовно)
999 _c506243
_d506243